[Event "ITA-ch U20"]
[Site "Porto San Giorgio"]
[Date "2004.08.26"]
[Round "7"]
[White "Imbraguglia, Fabio"]
[Black "Polilli, Andrea"]
[Result "1/2-1/2"]
[WhiteElo "1988"]
[BlackElo "1679"]
[PlyCount "76"]
[EventDate "2004.08.20"]
[EventType "swiss"]
[EventRounds "9"]
[EventCountry "ITA"]
[SourceTitle "EXT 2005"]
[Source "ChessBase"]
[SourceDate "2004.11.15"]
[SourceVersion "1"]
[SourceVersionDate "2004.11.15"]
[SourceQuality "1"]

1. d4 Nf6 2. c4 c5 3. d5 b5 4. cxb5 a6 5. f3 axb5 6. e4 Qa5+ 7. Bd2 b4 8. Na3 d6 9. Nc4 Qa7 10. Bd3 g6 11. Ne2 Bg7 12. 0-0 Nbd7 13. a3 bxa3 14. Rxa3 Qb8 15. Qa1 Rxa3 16. Qxa3 0-0 17. Rb1 Bb7 18. b4 cxb4 19. Bxb4 Qc7 20. Qa5 Qc8 21. Nc3 Nh5 22. Nb5 Nf4 23. Bf1 f5 24. Bxd6 Bxd5 25. exd5 exd6 26. Nbxd6 Qc5+ 27. Qxc5 Nxc5 28. Rd1 Rd8 29. g3 Nh5 30. Nb5 Nf6 31. Na5 Ne8 32. Nc6 Rd7 33. Bc4 Nd6 34. Nxd6 Rxd6 35. Rb1 Nd7 36. Rb7 Kf8 37. Rc7 Nb6 38. Nb4 Bc3 1/2-1/2